Dinge die mit X anfangen (Kenshin Edition) - Statistiken

Allgemein
  • Dieses Quiz wurde 165 mal gespielt
  • Das Durchschnittsergebnis liegt bei 6 aus 16
Antwortstatistiken
Bildquiz Antwort % Korrekt
XBox
94%
Xylophon
92%
XMas
89%
Xavier Naidoo
77%
Xanten
66%
XBox 360
44%
XBox One
42%
Xi'an
37%
Xiaomi
27%
X-Men
25%
Xenoblade
11%
Xiamen
11%
Xhosa
7%
Xanthi
5%
Xenia
1%
Xenosaurus
1%
Keine übereinstimmenden Quizze gefunden
Verteilung der Resultate
Anzahl Personen mit jedem Resultat
Perzentil nach korrekt beantworteten Fragen
Ihre Resultats-Entwicklung
Sie haben dieses Quiz noch nicht gespielt